[Event "RSA-chT U16"]
[Site "Cape Town"]
[Date "2016.01.07"]
[Round "7.10"]
[White "Bakker, Eduard"]
[Black "Booysen, Willem Hendrik"]
[Result "0-1"]
[WhiteElo "1041"]
[BlackElo "1321"]
[PlyCount "66"]
[EventDate "2016.01.04"]
[EventType "team-tourn"]
[EventRounds "7"]
[EventCountry "RSA"]
[SourceTitle "CBM 170 Extra"]
[Source "ChessBase"]
[SourceDate "2016.02.25"]
[SourceVersion "1"]
[SourceVersionDate "2016.02.25"]
[SourceQuality "1"]
[WhiteTeam "Ekurhuleni"]
[BlackTeam "Tshwane"]
[WhiteTeamCountry "RSA"]
[BlackTeamCountry "RSA"]

1. e4 e6 2. d4 d5 3. e5 c5 4. Nc3 Nc6 5. Bb5 Bd7 6. Nf3 a6 7. Bxc6 Bxc6 8. Be3 cxd4 9. Bxd4 Ne7 10. Qd3 Nf5 11. Be3 Bb4 12. 0-0 Qa5 13. a3 Bxc3 14. Qxc3 Qxc3 15. bxc3 Nxe3 16. fxe3 0-0 17. Rab1 Rab8 18. Nd4 Rfc8 19. Nxc6 Rxc6 20. Rb3 Rc4 21. Rf4 Rxf4 22. exf4 b6 23. Kf2 Kf8 24. Ke3 Ke7 25. Kd4 f6 26. g4 fxe5+ 27. Kxe5 g6 28. h4 b5 29. a4 Rc8 30. axb5 a5 31. f5 gxf5 32. gxf5 exf5 33. Kxf5 Kd6 0-1

[Event "RSA-chT U16"]
[Site "Cape Town"]
[Date "2016.01.04"]
[Round "1.10"]
[White "Booysen, Willem Hendrik"]
[Black "Botha, Matthew"]
[Result "1-0"]
[WhiteElo "1321"]
[BlackElo "1226"]
[PlyCount "151"]
[EventDate "2016.01.04"]
[EventType "team-tourn"]
[EventRounds "7"]
[EventCountry "RSA"]
[SourceTitle "CBM 170 Extra"]
[Source "ChessBase"]
[SourceDate "2016.02.25"]
[SourceVersion "1"]
[SourceVersionDate "2016.02.25"]
[SourceQuality "1"]
[WhiteTeam "Tshwane"]
[BlackTeam "Johannesburg Metro"]
[WhiteTeamCountry "RSA"]
[BlackTeamCountry "RSA"]

1. e4 e5 2. Nf3 Nf6 3. Nc3 Nc6 4. d4 exd4 5. Nxd4 Bd6 6. Bg5 h6 7. Bh4 g5 8. Bg3 Bxg3 9. hxg3 d6 10. Bb5 Bd7 11. a3 Qe7 12. Nxc6 bxc6 13. Bd3 d5 14. Qe2 d4 15. Nd1 c5 16. b3 Ng4 17. Nb2 Ne5 18. Bb5 c6 19. Ba6 f5 20. exf5 Bxf5 21. Bd3 Nxd3+ 22. Nxd3 Qxe2+ 23. Kxe2 Bxd3+ 24. Kxd3 Kd7 25. Rae1 Kd6 26. Re2 Raf8 27. Rhe1 Rf7 28. Re6+ Kc7 29. Re7+ Rxe7 30. Rxe7+ Kb6 31. Rf7 a5 32. a4 Re8 33. Rf6 h5 34. Rf5 Rg8 35. Ke4 Re8+ 36. Re5 Rf8 37. f3 Rg8 38. Kf5 Kc7 39. Rxc5 g4 40. Kf4 Rf8+ 41. Rf5 gxf3 42. gxf3 Re8 43. Rxh5 Re2 44. Rc5 Kd6 45. Rc4 Kd5 46. g4 Re8 47. c3 Rf8+ 48. Kg3 c5 49. cxd4 cxd4 50. Rc7 Rd8 51. Kf2 d3 52. Ke3 Ke5 53. Kd2 Kf4 54. Rf7+ Kg5 55. Rf5+ Kh4 56. Rxa5 Kg3 57. Rf5 Kf2 58. b4 Rd4 59. b5 Rxa4 60. Kxd3 Rb4 61. Kc3 Ra4 62. g5 Ke3 63. g6 Ra7 64. Rf7 Ra8 65. g7 Rc8+ 66. Kb4 Rg8 67. b6 Kd4 68. b7 Rb8 69. Kb5 Kd5 70. Kb6 Re8 71. Rf8 Re1 72. g8Q+ Kd6 73. Qg3+ Ke7 74. Qxe1+ Kxf8 75. Qe6 Kg7 76. b8R 1-0